000 01141nas a2200361 4500
001 BR0500937
003 BR-BrBNA
005 20231205105200.0
007 ta
008 230509b bl.|||p| |||| 00| 00por d
040 _aBR-BrBNA
_bpor
_cBiblioteca Nacional de Agricultura
041 _a(Pt)
072 _aL01; L02
100 1 _aHenrique, W.
100 1 _aSampaio, A.A.M.
100 1 _aLeme, P.R.
100 1 _aLanna, D.P.D.
100 1 _aAlleoni, G.F.
100 1 _aCoutinho Filho, J.L.V.
245 1 _aDesempenho e características da carcaça de tourinhos Santa Gertrudes confinados, recebendo dietas com alto concentrado e níveis crescentes de polpa cítrica peletizada
650 _aGADO SANTA GERTRUDES
650 _aCARCAÇA
650 _aCONFINAMENTO
650 _aDIETA
650 _aGANHO DE PESO
650 _aRENDIMENTO
650 _aCOMPOSIÇÃO DE ALIMENTO
650 _aFRUTA CÍTRICA
650 _aPOLPA
773 0 _tRevista Brasileira de Zootecnia (Brazil)
_xISSN 1516-3598
_g(Mar-Apr 2004), v. 33(2) p. 463-470
_wBR0500937
909 _a202311
_bLúcia
_c55
_dLúcia Elande
942 _2AGRIS
_n0
_cANA
999 _c181640
_d181640